000 01274nam0a22002771 4500
001 rc\3923149
005 20260408053833.0
021 _aRU
_b[49-32454]
035 _a(NLR Aleph) 008027152
090 _a8797904
_c8797904
100 _a20130415d1949 |||y0rusy50 ca
101 0 _arus
102 _aRU
105 _aa z |||||
200 1 _aАвтопогрузчик с аккумуляторной батареей
_eКраткая инструкция по уходу и эксплуатации
_fПод общ. ред. инж. Н.Н. Козырева
_gМ-во трансп. машиностроения СССР. Завод им. Орджоникидзе "ЗИО"
210 _aМосква
_cСветолит. МСХ
_d1949
215 _a49 с., 3 л. черт.
_cил.
_d30
300 _aЛитогр. изд.
606 _aАвтопогрузчики
_xЭксплуатация
_2psbo
702 1 _aКозырев
_bН.Н.
_gНиколай Николаевич
_4340
712 0 2 _aЗавод им. Орджоникидзе Министерства транспортного машиностроения СССР
_9288893
_3RU\NLR\AUTH\8810200296
801 0 _aRU
_bNLR
_gpsbo
801 1 _aRU
_bELAR
_2rusmarc
852 _aNLR
_jТ86 Г-8/158
942 _cBOOK
980 _aNB